[Event "HUN-chT2 Erkel 1112"]
[Site "Hungary"]
[Date "2012.03.25"]
[Round "8.10"]
[White "Horvath, Ilona Klara"]
[Black "Toth, Ilona"]
[Result "0-1"]
[WhiteElo "1828"]
[BlackElo "2146"]
[PlyCount "84"]
[EventDate "2011.09.25"]
[EventType "team-tourn"]
[EventRounds "11"]
[EventCountry "HUN"]
[SourceTitle "EXT 2013"]
[Source "ChessBase"]
[SourceDate "2012.11.22"]
[SourceVersion "1"]
[SourceVersionDate "2012.11.22"]
[SourceQuality "1"]
[WhiteTeam "MAFC"]
[BlackTeam "Foti"]
[WhiteTeamCountry "HUN"]
[BlackTeamCountry "HUN"]

1. e4 c5 2. b4 cxb4 3. a3 bxa3 4. Bxa3 d6 5. d4 Nf6 6. Bd3 g6 7. f4 Bg7 8. Nf3 Qb6 9. 0-0 Ng4 10. e5 Ne3 11. Qe2 Nxf1 12. Nc3 Nxh2 13. Kxh2 0-0 14. Nd5 Qd8 15. exd6 exd6 16. Ne7+ Kh8 17. Ng5 Nc6 18. Nxc6 bxc6 19. Rh1 h6 20. Kg3 Kg8 21. Ne4 Re8 22. Qf3 Re6 23. c3 Rb8 24. Bc2 c5 25. d5 Re8 26. Bc1 Bf5 27. Kf2 a5 28. g4 Bxe4 29. Bxe4 Qf6 30. g5 Qxc3 31. gxh6 Bd4+ 32. Kg2 Qxf3+ 33. Bxf3 Kh7 34. Bg4 f5 35. Bd1 c4 36. Ba4 Re2+ 37. Kf3 Rf2+ 38. Kg3 Rb1 39. Rd1 Bc5 40. Rh1 Ra2 41. Be8 Rb3+ 42. Kh4 Bb6 0-1

[Event "Verbandsliga Sued Baden 1112"]
[Site "Germany"]
[Date "2012.03.04"]
[Round "7.1"]
[White "Lerch, Patrice"]
[Black "Toth, Ilona"]
[Result "1-0"]
[WhiteElo "2368"]
[BlackElo "2115"]
[PlyCount "81"]
[EventDate "2011.10.09"]
[EventType "team-tourn"]
[EventRounds "9"]
[EventCountry "GER"]
[SourceTitle "EXT 2013"]
[Source "ChessBase"]
[SourceDate "2012.11.22"]
[SourceVersion "1"]
[SourceVersionDate "2012.11.22"]
[SourceQuality "1"]
[WhiteTeam "Lahr"]
[BlackTeam "Brombach II"]
[WhiteTeamCountry "GER"]
[BlackTeamCountry "GER"]

1. e4 c5 2. Nc3 Nc6 3. g3 g6 4. Bg2 Bg7 5. d3 d6 6. Be3 e6 7. Qd2 Nd4 8. Nd1 e5 9. c3 Ne6 10. Ne2 h5 11. f4 Nh6 12. h3 Qe7 13. 0-0 f5 14. Rb1 h4 15. gxh4 Qxh4 16. Bf2 Qe7 17. Ne3 Nc7 18. Rbe1 fxe4 19. fxe5 dxe5 20. dxe4 Nf7 21. h4 Bh6 22. Qd3 Bxe3 23. Qxe3 Ne6 24. Bg3 Bd7 25. Nc1 g5 26. Nd3 gxh4 27. Bxe5 Nxe5 28. Nxe5 Qg7 29. Nxd7 Kxd7 30. Kh1 h3 31. Bf3 h2 32. Re2 Rag8 33. Bg2 Qe5 34. Rf5 Qg7 35. Qf3 Ng5 36. Qd3+ Ke8 37. Qb5+ Qd7 38. Re5+ Kd8 39. Rd5 Qxd5 40. exd5 Nf3 41. Qxb7 1-0

[Event "Basel Hilton op 14th"]
[Site "Basel"]
[Date "2012.01.04"]
[Round "6"]
[White "Toth, Ilona"]
[Black "Thomasson, Staffan"]
[Result "1/2-1/2"]
[WhiteElo "2146"]
[BlackElo "1988"]
[PlyCount "66"]
[EventDate "2012.01.01"]
[EventType "swiss"]
[EventRounds "7"]
[EventCountry "SUI"]
[SourceTitle "CBM 146 Extra"]
[Source "ChessBase"]
[SourceDate "2012.02.29"]
[SourceVersion "1"]
[SourceVersionDate "2012.02.29"]
[SourceQuality "1"]

1. e4 d5 2. exd5 Qxd5 3. Nc3 Qd6 4. h3 Nf6 5. Nf3 a6 6. d4 Nc6 7. Be3 Bf5 8. Nh4 Be6 9. a3 g6 10. Qd2 Bg7 11. Nf3 0-0 12. Be2 Rfd8 13. Rd1 b5 14. Bf4 Qd7 15. Ne5 Nxe5 16. Bxe5 Rac8 17. Qg5 Bf5 18. Bd3 Bxd3 19. Rxd3 Qe6 20. 0-0 c5 21. d5 Qb6 22. Qc1 b4 23. Bxf6 Qxf6 24. Rf3 Qd6 25. Na4 Rb8 26. Rd1 e6 27. c4 bxc3 28. Nxc3 Bxc3 29. Rxc3 Rbc8 30. Rcd3 exd5 31. Rxd5 Qxd5 32. Rxd5 Rxd5 33. Qc4 Rd6 1/2-1/2

[Event "Basel Hilton op 14th"]
[Site "Basel"]
[Date "2012.01.02"]
[Round "2"]
[White "Sand, Rolf"]
[Black "Toth, Ilona"]
[Result "1/2-1/2"]
[WhiteElo "2000"]
[BlackElo "2146"]
[PlyCount "67"]
[EventDate "2012.01.01"]
[EventType "swiss"]
[EventRounds "7"]
[EventCountry "SUI"]
[SourceTitle "CBM 146 Extra"]
[Source "ChessBase"]
[SourceDate "2012.02.29"]
[SourceVersion "1"]
[SourceVersionDate "2012.02.29"]
[SourceQuality "1"]

1. Nf3 Nf6 2. c4 e6 3. g3 d5 4. Bg2 c6 5. Qc2 Nbd7 6. 0-0 Bd6 7. d4 0-0 8. Nc3 dxc4 9. Nd2 Nb6 10. Nce4 Bb4 11. e3 Nxe4 12. Nxe4 Qe7 13. a3 Ba5 14. Bd2 Bxd2 15. Nxd2 e5 16. Nxc4 Nxc4 17. Qxc4 Be6 18. Qc5 Qxc5 19. dxc5 Bb3 20. Rfc1 a5 21. Be4 Rfd8 22. Rc3 Be6 23. Bc2 Bh3 24. Rd1 Rxd1+ 25. Bxd1 Rd8 26. Bc2 e4 27. Rc4 f5 28. Rd4 Rxd4 29. exd4 Kf8 30. Bb3 Ke7 31. Bc4 Kd7 32. b4 axb4 33. axb4 Kc7 34. Bg8 1/2-1/2

[Event "Basel Hilton op 14th"]
[Site "Basel"]
[Date "2012.01.02"]
[Round "3"]
[White "Toth, Ilona"]
[Black "Deubelbeiss, Rene"]
[Result "0-1"]
[WhiteElo "2146"]
[BlackElo "2007"]
[PlyCount "66"]
[EventDate "2012.01.01"]
[EventType "swiss"]
[EventRounds "7"]
[EventCountry "SUI"]
[SourceTitle "CBM 146 Extra"]
[Source "ChessBase"]
[SourceDate "2012.02.29"]
[SourceVersion "1"]
[SourceVersionDate "2012.02.29"]
[SourceQuality "1"]

1. e4 d6 2. d4 Nf6 3. Nc3 g6 4. f3 Bg7 5. Be3 c6 6. Qd2 Qa5 7. Nge2 Nbd7 8. g4 b5 9. Nc1 b4 10. Nd1 0-0 11. Nb3 Qc7 12. Qxb4 a5 13. Qd2 a4 14. Nc1 e5 15. c3 d5 16. g5 Nh5 17. Nf2 exd4 18. cxd4 c5 19. dxc5 Ne5 20. Be2 d4 21. Bxd4 Rd8 22. Bxe5 Bxe5 23. Ncd3 a3 24. Qc2 axb2 25. Rb1 Rxa2 26. Nxe5 Qxe5 27. Nd3 Qxg5 28. Rxb2 Rxb2 29. Qxb2 Ba6 30. c6 Bxd3 31. c7 Qa5+ 32. Qd2 Qxc7 33. Bxd3 Nf4 0-1